00371nam a2200121Ia 4500008004100000245003100041260000900072300003200081440002400113650002100137999001900158952007200177180117s9999 xx 000 0 und d aThis week Arts and Culture c2017 a12-14 pages, 2017 October 8 aPhilippine Panorama aARTS AND CULTURE c353317d353317 001040aCLbCLd2018-01-17l0r2018-01-17 00:00:00w2018-01-17ySE